| 000 | 01187nam a2200349Ia 4500 | ||
|---|---|---|---|
| 003 | OSt | ||
| 005 | 20220912144616.0 | ||
| 006 | a|||||r|||| 00| 0 | ||
| 007 | ta | ||
| 008 | 220909b |||||||| |||| 00| 0 eng d | ||
| 020 | _a9480470505199 (hbk) | ||
| 020 | _aSL01561613 | ||
| 024 | _a190628 | ||
| 037 | _b401, 24/03/2014, Vardhman Books | ||
| 037 | _cTextbook | ||
| 040 |
_aCSL _beng _cCSL |
||
| 041 | _aeng | ||
| 082 | _aD65,8(B):(G:11), Q1;1 TD | ||
| 100 | _aElloumi Mourad Ed.; Zomaya Albert Y Ed. | ||
| 245 | 0 | _aAlgorithms in computational melecular biology : Techniques, approcaches and applications | |
| 260 |
_aNew Jersey _b Wiley _c2011 |
||
| 300 | _axxxv, 1044p. ill. | ||
| 500 | _aInclude bibliographical references; Index 1007-1044p. | ||
| 650 | _a Algorithmic aspects | ||
| 650 | _a DNA computing | ||
| 650 | _a Finite automata in pattern matching | ||
| 650 | _a String data structures | ||
| 650 | _aComputer Science | ||
| 700 | _aElloumi Mourad Ed.; Zomaya Albert Y Ed. | ||
| 942 |
_hD65,8(B):(G:11), Q1;1 TD _cTB _2CC |
||
| 999 |
_c13463 _d13463 |
||